[Event "Moscow-Open 2021_A"]
[Site "Moscow"]
[Date "2021.02.23"]
[Round "4.16"]
[White "Smirnov, Timofey"]
[Black "Popovich, Alexey"]
[Result "1-0"]
[WhiteElo "2414"]
[BlackElo "2102"]
[PlyCount "69"]
[EventDate "2021.02.20"]

1. e4 e5 2. Nf3 Nf6 3. Nxe5 d6 4. Nf3 Nxe4 5. Nc3 Nxc3 6. dxc3 Be7 7. Be3 O-O
8. Qd2 Nd7 9. O-O-O Nf6 10. h3 c5 11. g4 Be6 12. Kb1 Qa5 13. c4 Qxd2 14. Nxd2
d5 15. g5 Nd7 16. cxd5 Bxd5 17. Rg1 Nb6 18. c4 Be6 19. b3 Rad8 20. Bg2 Nd7 21.
Bxb7 Bxh3 22. Ne4 Bf5 23. Kb2 Rb8 24. Bd5 Nb6 25. Ng3 Bg4 26. Rd2 Nxd5 27. cxd5
c4 28. Rd4 f5 29. d6 Bd8 30. Rxc4 Bb6 31. Bxb6 Rxb6 32. Rd4 Rd8 33. f3 Bxf3 34.
Nxf5 g6 35. Nh6+ 1-0

[Event "Moscow-Open 2021_A"]
[Site "Moscow"]
[Date "2021.02.23"]
[Round "4.17"]
[White "Murtazin, Bulat"]
[Black "Teiitbaev, Aktilek"]
[Result "1/2-1/2"]
[WhiteElo "2355"]
[BlackElo "2100"]
[PlyCount "87"]
[EventDate "2021.02.20"]

1. d4 Nf6 2. c4 g6 3. Nc3 d5 4. cxd5 Nxd5 5. Bd2 Bg7 6. e4 Nxc3 7. Bxc3 O-O 8.
Nf3 Bg4 9. Be2 Nc6 10. d5 Bxc3+ 11. bxc3 Bxf3 12. gxf3 Na5 13. Qd4 Qd6 14. e5
Qd7 15. Rd1 Qf5 16. f4 c6 17. Qa4 b6 18. dxc6 Rac8 19. Bf3 Qh3 20. Ke2 Qe6 21.
h3 Rc7 22. Rd7 Rfc8 23. Bd5 Qf5 24. Rd1 Qxh3 25. Rd3 Qg4+ 26. Bf3 Qe6 27. Rxc7
Rxc7 28. Rd7 Rc8 29. c7 Kg7 30. Qd4 Qxa2+ 31. Kf1 Nb3 32. Qd5 Qb1+ 33. Kg2 Nc5
34. Rxe7 Qf5 35. Qd8 Nd3 36. Re8 Nxf4+ 37. Kg3 Rxc7 38. Rg8+ Kh6 39. Qxc7 Qg5+
40. Bg4 Nh5+ 41. Kh3 Nf4+ 42. Kg3 Nh5+ 43. Kh3 Nf4+ 44. Kg3 1/2-1/2

[Event "Moscow-Open 2021_A"]
[Site "Moscow"]
[Date "2021.02.23"]
[Round "4.18"]
[White "Stepanyan, Eva"]
[Black "Gubajdullin, Alexei"]
[Result "1/2-1/2"]
[WhiteElo "2119"]
[BlackElo "2347"]
[PlyCount "79"]
[EventDate "2021.02.20"]

1. e4 d6 2. d4 Nf6 3. Nc3 g6 4. Bf4 Bg7 5. Qd2 Nc6 6. Nf3 O-O 7. O-O-O Bg4 8.
Bh6 e5 9. Bxg7 Kxg7 10. dxe5 dxe5 11. Qxd8 Raxd8 12. Be2 Bxf3 13. Rxd8 Rxd8 14.
Bxf3 Nd4 15. Bd1 b5 16. f3 c6 17. Ne2 Ne6 18. c3 h5 19. h4 Ne8 20. Bb3 Nc5 21.
Bc2 Kf6 22. Rd1 Rxd1+ 23. Kxd1 Nd6 24. b3 g5 25. hxg5+ Kxg5 26. Ke1 h4 27. Kf2
a5 28. Ke3 f6 29. Nc1 b4 30. cxb4 axb4 31. Bd3 Ne6 32. Bf1 Nf4 33. Nd3 Nxd3 34.
Bxd3 Ne8 35. Ba6 Nc7 36. Bc4 c5 37. Bf1 Ne6 38. Bc4 Nf4 39. Kf2 Kg6 40. Kf1
1/2-1/2

[Event "Moscow-Open 2021_A"]
[Site "Moscow"]
[Date "2021.02.23"]
[Round "4.19"]
[White "Kavyev, Ruslan"]
[Black "Popov, Maksim"]
[Result "1-0"]
[WhiteElo "2339"]
[BlackElo "2062"]
[PlyCount "113"]
[EventDate "2021.02.20"]

1. d4 d5 2. c4 e6 3. g3 Nf6 4. Nf3 dxc4 5. Bg2 a6 6. O-O Nc6 7. e3 Rb8 8. Qe2
b5 9. b3 cxb3 10. axb3 Rb6 11. Bd2 b4 12. Rc1 Be7 13. Be1 Nd5 14. Qb2 f5 15.
Nbd2 Bf6 16. Nc4 Rb8 17. Nce5 Nxe5 18. dxe5 Be7 19. Nd4 Rb6 20. Nc6 Qd7 21.
Bxd5 exd5 22. e6 Qxe6 23. Qxg7 Bf6 24. Qxc7 Rb7 25. Qa5 Rb5 26. Qa2 f4 27. exf4
O-O 28. Bxb4 Re8 29. Bd2 d4 30. b4 Bb7 31. Qxe6+ Rxe6 32. Na5 Bd5 33. Re1 Kf7
34. Kf1 Be7 35. Rab1 Be4 36. Rb2 Bd3+ 37. Kg2 Reb6 38. Rb3 Bc2 39. Rb2 Bd3 40.
Nb3 Bf6 41. Ra2 Bc4 42. Ra3 d3 43. Na5 Bd5+ 44. f3 Rd6 45. Re3 Bd4 46. Rexd3
Bb2 47. Rab3 Bf6 48. Kf2 Rdb6 49. Rb1 Be6 50. Rc1 Bf5 51. Rc7+ Kg6 52. Ra3 Bd4+
53. Kg2 Re6 54. Rc6 Rb6 55. Rxb6 Bxb6 56. Nc4 Bd4 57. Be3 1-0

[Event "Moscow-Open 2021_A"]
[Site "Moscow"]
[Date "2021.02.23"]
[Round "4.20"]
[White "Indzhiev, Aldar"]
[Black "Zakaryan, David"]
[Result "1/2-1/2"]
[WhiteElo "2109"]
[BlackElo "2335"]
[PlyCount "83"]
[EventDate "2021.02.20"]

1. d4 d5 2. c4 e6 3. Nc3 h6 4. Nf3 Nf6 5. Bf4 Be7 6. e3 O-O 7. Qc2 c5 8. dxc5
Qa5 9. a3 Bxc5 10. Rd1 Nc6 11. Bd3 dxc4 12. Bxc4 Be7 13. O-O a6 14. Ba2 Qf5 15.
Qxf5 exf5 16. Nd4 Nxd4 17. exd4 Rd8 18. Rfe1 Kf8 19. Bc7 Rd7 20. Bb6 Bd6 21.
Na4 Re7 22. Rxe7 Kxe7 23. Re1+ Kf8 24. b4 Bd7 25. Nc3 Re8 26. Rxe8+ Kxe8 27. f3
Be6 28. d5 Bd7 29. Bd4 Ke7 30. g3 g5 31. Kf2 Ne8 32. Bb1 f6 33. Bc5 Kd8 34. Ne2
Kc7 35. Ke3 a5 36. Bd3 axb4 37. axb4 b6 38. Bxd6+ Nxd6 39. Nd4 Kd8 40. f4 Ke7
41. Nc6+ Kf7 42. Nd4 1/2-1/2

[Event "Moscow-Open 2021_A"]
[Site "Moscow"]
[Date "2021.02.23"]
[Round "4.21"]
[White "Gotsiuk, Denis"]
[Black "Vlassov, Nikolai"]
[Result "0-1"]
[WhiteElo "2102"]
[BlackElo "2331"]
[PlyCount "100"]
[EventDate "2021.02.20"]

1. d4 Nf6 2. Bf4 g6 3. Nf3 Bg7 4. e3 O-O 5. Be2 c5 6. c3 Qb6 7. Qb3 d6 8. Qxb6
axb6 9. Nbd2 Nc6 10. h3 cxd4 11. exd4 e5 12. dxe5 dxe5 13. Bh2 e4 14. Ne5 e3
15. fxe3 Nd5 16. Nxc6 bxc6 17. O-O Nxe3 18. Rf3 Re8 19. Bd3 Bf5 20. Bxf5 Nxf5
21. Nc4 Bf8 22. Ne5 Re6 23. Nd7 Be7 24. Kh1 b5 25. g4 Nh4 26. Rf2 Re3 27. Raf1
Rxa2 28. Ne5 Rxh3 29. Nxf7 Bc5 30. Ng5 Bxf2 31. Nxh3 Be3 32. Re1 Bd2 33. Re6
Rxb2 34. Rxc6 Rb1+ 35. Bg1 Be3 36. Rf6 Kg7 37. g5 Bxg5 38. Rb6 Be3 39. Rb7+ Kf6
40. c4 b4 41. Kh2 Nf3+ 42. Kg3 Nxg1 43. Nxg1 Bxg1 44. Rxh7 b3 45. Rb7 b2 46. c5
Bxc5 47. Rb5 Bd4 48. Kf4 Re1 49. Rxb2 Bxb2 50. Kg4 g5 0-1

[Event "Moscow-Open 2021_A"]
[Site "Moscow"]
[Date "2021.02.23"]
[Round "4.22"]
[White "Dudarev, Vladislav"]
[Black "Naumkin, Igor"]
[Result "0-1"]
[WhiteElo "2031"]
[BlackElo "2277"]
[PlyCount "91"]
[EventDate "2021.02.20"]

1. c4 e5 2. d3 Nf6 3. Nf3 Bb4+ 4. Bd2 Bxd2+ 5. Qxd2 d6 6. g3 O-O 7. Nc3 h6 8.
Bg2 Nc6 9. O-O Be6 10. Rac1 Qd7 11. Rfd1 Bh3 12. Bh1 Rae8 13. Nd5 Nh7 14. b4
Nd8 15. e4 f5 16. exf5 Rxf5 17. Nh4 Rf7 18. Bg2 Bxg2 19. Kxg2 Ng5 20. f4 exf4
21. Nxf4 Rxf4 22. gxf4 Qg4+ 23. Kh1 Nh3 24. Re1 Rf8 25. Ng2 Qf5 26. Qe3 Nc6 27.
b5 Nb4 28. Qe6+ Qxe6 29. Rxe6 Nxd3 30. Rf1 Nhf2+ 31. Kg1 Nh3+ 32. Kh1 Ndf2+ 33.
Rxf2 Nxf2+ 34. Kg1 Nh3+ 35. Kh1 Nxf4 36. Nxf4 Rxf4 37. Re8+ Kf7 38. Rb8 b6 39.
c5 dxc5 40. Rb7 Ra4 41. Rxc7+ Kf6 42. Kg2 Rxa2+ 43. Kg3 Ra3+ 44. Kf2 Ra5 45.
Kf3 Rxb5 46. Rxa7 0-1

[Event "Moscow-Open 2021_A"]
[Site "Moscow"]
[Date "2021.02.23"]
[Round "4.23"]
[White "Shoshin, Kirill"]
[Black "Gvanceladze, Anna"]
[Result "1/2-1/2"]
[WhiteElo "2030"]
[BlackElo "2254"]
[PlyCount "111"]
[EventDate "2021.02.20"]

1. d4 d5 2. c4 c6 3. Nf3 Nf6 4. Nc3 dxc4 5. a4 Bf5 6. e3 e6 7. Bxc4 Bb4 8. O-O
Nbd7 9. Qb3 Qb6 10. e4 Bg6 11. e5 Nd5 12. Bd2 Be7 13. a5 Qxb3 14. Bxb3 Nb4 15.
Rfd1 Nd3 16. Ra2 O-O 17. Bg5 Bd8 18. Bxd8 Rfxd8 19. Nh4 Nb4 20. Ra4 Na6 21.
Nxg6 hxg6 22. Bc4 Nc7 23. Be2 a6 24. Ne4 Nb5 25. Raa1 Nb8 26. Bxb5 axb5 27. Nc5
Ra7 28. b4 Na6 29. Nxa6 Rxa6 30. f4 f6 31. Kf2 Kf7 32. Ke3 Rh8 33. h3 Rh5 34.
Rf1 Ke7 35. Rac1 f5 36. Rh1 g5 37. g4 gxf4+ 38. Kxf4 g5+ 39. Ke3 Rh4 40. gxf5
exf5 41. Rcg1 Rh5 42. h4 g4 43. Kf4 Ke6 44. Rc1 Ra8 45. d5+ cxd5 46. Rc7 g3 47.
Kxg3 Rg8+ 48. Kf3 Rg4 49. Rxb7 Rxb4 50. Re1 Rhxh4 51. Rb6+ Ke7 52. Rb7+ Ke6 53.
Rb6+ Ke7 54. Rb7+ Ke6 55. Rb6+ Ke7 56. Rb7+ 1/2-1/2

[Event "Moscow-Open 2021_A"]
[Site "Moscow"]
[Date "2021.02.23"]
[Round "4.24"]
[White "Mikhailovsky, Vladimir"]
[Black "Plyasunov, Daniil"]
[Result "1-0"]
[WhiteElo "2228"]
[BlackElo "2025"]
[PlyCount "81"]
[EventDate "2021.02.20"]

1. d4 d5 2. Nc3 Nf6 3. Bf4 e6 4. Nb5 Na6 5. e3 c6 6. Nc3 Bb4 7. Bxa6 bxa6 8.
Nge2 O-O 9. O-O Nh5 10. Na4 Nxf4 11. Nxf4 Bd6 12. Nd3 Qe7 13. f4 f6 14. Qe2 Bb7
15. Nac5 Rae8 16. e4 e5 17. Nxb7 Qxb7 18. fxe5 fxe5 19. Rxf8+ Rxf8 20. exd5 Qb6
21. c3 cxd5 22. Nxe5 Bxe5 23. Qxe5 Qxb2 24. Qxd5+ Kh8 25. Rf1 Rxf1+ 26. Kxf1
Qc1+ 27. Ke2 Qc2+ 28. Ke3 Qxc3+ 29. Ke4 Qe1+ 30. Kf5 h6 31. Qa8+ Kh7 32. Qe4
Qf2+ 33. Ke6+ Kh8 34. d5 Qxa2 35. Ke7 Qf2 36. d6 Qf6+ 37. Kd7 a5 38. Kc7 Qc3+
39. Qc6 Qe5 40. Kc8 Qe6+ 41. Kb7 1-0

[Event "Moscow-Open 2021_A"]
[Site "Moscow"]
[Date "2021.02.23"]
[Round "4.25"]
[White "Nikologorsky, Matfei"]
[Black "Nikolaev, Matvei"]
[Result "1-0"]
[WhiteElo "2215"]
[BlackElo "1925"]
[PlyCount "55"]
[EventDate "2021.02.20"]

1. e4 c5 2. Nf3 e6 3. d4 cxd4 4. Nxd4 Nc6 5. Nc3 Qc7 6. Be2 a6 7. Be3 Nf6 8.
O-O Be7 9. f4 d6 10. Kh1 O-O 11. Qe1 Re8 12. Qg3 Rb8 13. e5 Nd7 14. exd6 Qxd6
15. Rad1 Qc7 16. Nxc6 bxc6 17. Ne4 Nf6 18. Bd4 Kh8 19. Be5 Qb6 20. Bd3 Rb7 21.
Nxf6 Bxf6 22. Qh3 Kg8 23. Bxf6 gxf6 24. Qh6 f5 25. Rf3 Qxb2 26. c3 Qxc3 27.
Rg3+ Kh8 28. Bxf5 1-0

[Event "Moscow-Open 2021_A"]
[Site "Moscow"]
[Date "2021.02.23"]
[Round "4.26"]
[White "Petrovsky, Nikita"]
[Black "Voinikonis, Nikita"]
[Result "1-0"]
[WhiteElo "2006"]
[BlackElo "2208"]
[PlyCount "65"]
[EventDate "2021.02.20"]

1. e4 e6 2. d4 b6 3. Bd3 Bb7 4. Nf3 c5 5. c3 Nf6 6. Qe2 d5 7. e5 Ne4 8. Nbd2
Nxd2 9. Bxd2 Be7 10. O-O a5 11. Ne1 Ba6 12. Qg4 g6 13. Bh6 Bxd3 14. Nxd3 Nc6
15. Rfc1 a4 16. b3 Qd7 17. h3 Na5 18. Nb2 a3 19. Nd1 c4 20. bxc4 Nxc4 21. Ne3
Qb5 22. Rab1 Nxe3 23. fxe3 Qc4 24. Rxb6 Qxa2 25. Rf1 Qc4 26. Qf3 a2 27. Qxf7+
Kd8 28. Ra1 Qxc3 29. Rxa2 Rxa2 30. Rb8+ Kd7 31. Rxh8 Qe1+ 32. Kh2 Kc6 33. Qxe6+
1-0

[Event "Moscow-Open 2021_A"]
[Site "Moscow"]
[Date "2021.02.23"]
[Round "4.27"]
[White "Israfilov, Ali"]
[Black "Khudyakov, Stanislav"]
[Result "1/2-1/2"]
[WhiteElo "1981"]
[BlackElo "2196"]
[PlyCount "81"]
[EventDate "2021.02.20"]

1. e4 c5 2. Nf3 Nc6 3. d4 cxd4 4. Nxd4 Nf6 5. Nc3 e5 6. Ndb5 d6 7. Bg5 a6 8.
Na3 b5 9. Bxf6 gxf6 10. Nd5 f5 11. g3 fxe4 12. Bg2 Bf5 13. c3 Bg7 14. Nc2 O-O
15. Nce3 Bg6 16. h4 h6 17. g4 Ne7 18. Nxe7+ Qxe7 19. Qc2 d5 20. Nxd5 Qe6 21.
Ne3 Qc6 22. O-O-O Rad8 23. Nf5 Bxf5 24. gxf5 Bf6 25. Bxe4 Qc4 26. Kb1 Rxd1+ 27.
Rxd1 Bxh4 28. f3 Rd8 29. Rg1+ Kf8 30. Qh2 Qc5 31. Kc2 Bg5 32. Rd1 Rxd1 33. Kxd1
Qe3 34. Kc2 Bf4 35. Qh1 Qe2+ 36. Kb1 h5 37. a3 Bh2 38. f6 Qf2 39. Qd1 Qg1 40.
Kc2 Qxd1+ 41. Kxd1 1/2-1/2

[Event "Moscow-Open 2021_A"]
[Site "Moscow"]
[Date "2021.02.23"]
[Round "4.28"]
[White "Popov, Andrey"]
[Black "Galkin, Leonid"]
[Result "0-1"]
[WhiteElo "2182"]
[BlackElo "1914"]
[PlyCount "98"]
[EventDate "2021.02.20"]

1. e4 c5 2. Nf3 Nf6 3. Nc3 d5 4. e5 Nfd7 5. d4 e6 6. dxc5 Nc6 7. Bf4 Bxc5 8.
Bd3 h6 9. h4 a6 10. Qe2 Nd4 11. Nxd4 Bxd4 12. Rd1 Qc7 13. O-O Bxe5 14. Bxe5
Qxe5 15. Qxe5 Nxe5 16. Nxd5 Rb8 17. Nb6 Bd7 18. Be2 Bc6 19. c4 a5 20. f4 Nd7
21. Nxd7 Bxd7 22. Bf3 Ke7 23. Rd4 Bc6 24. Rfd1 Bxf3 25. gxf3 Rhc8 26. R1d2 Rc7
27. Kf2 Rbc8 28. b3 Rb8 29. Rd6 b5 30. cxb5 Rxb5 31. Ra6 Kf6 32. Kg3 g6 33. Rd4
Rb4 34. Re4 Rxe4 35. fxe4 Rc3+ 36. Kg2 Rc2+ 37. Kf3 Rxa2 38. Ra7 Ra3 39. Kf2
Kg7 40. Ra8 Rxb3 41. Rxa5 Rh3 42. h5 Rxh5 43. Rxh5 gxh5 44. Kg3 Kf6 45. Kh4 Kg6
46. Kh3 e5 47. fxe5 Kg5 48. Kg3 h4+ 49. Kf3 h3 0-1

[Event "Moscow-Open 2021_A"]
[Site "Moscow"]
[Date "2021.02.23"]
[Round "4.29"]
[White "Korshunov, Sergey And"]
[Black "Chetverik, Maxim"]
[Result "0-1"]
[WhiteElo "1847"]
[BlackElo "2159"]
[PlyCount "72"]
[EventDate "2021.02.20"]

1. e4 Nf6 2. e5 Nd5 3. d4 d6 4. Nf3 dxe5 5. Nxe5 g6 6. Bc4 Be6 7. O-O Bg7 8.
Re1 c6 9. Nd2 O-O 10. Ne4 Nc7 11. Bf1 Bxe5 12. dxe5 Qxd1 13. Rxd1 Nd7 14. Bh6
Rfd8 15. f4 Nd5 16. Kf2 Bf5 17. Ng3 Bxc2 18. Rd2 Bf5 19. Nxf5 gxf5 20. Bd3 e6
21. Rg1 Kh8 22. g4 fxg4 23. Rxg4 Rg8 24. Rh4 f5 25. exf6 N7xf6 26. Bg5 Rg7 27.
Re2 Re8 28. Kf3 Nd7 29. Rh6 Nf8 30. Bf5 Nc7 31. Bg4 Rg6 32. Rh3 e5 33. Bh5 e4+
34. Kg2 Nd5 35. Bxg6 Nxg6 36. f5 Ngf4+ 0-1

[Event "Moscow-Open 2021_A"]
[Site "Moscow"]
[Date "2021.02.23"]
[Round "4.30"]
[White "Boktaev, Adyan"]
[Black "Zhukenov, Aituar"]
[Result "0-1"]
[WhiteElo "1808"]
[BlackElo "2144"]
[PlyCount "82"]
[EventDate "2021.02.20"]

1. d4 g6 2. c4 Bg7 3. Nc3 d6 4. e4 c5 5. d5 e6 6. h3 Ne7 7. Bd3 O-O 8. Nf3 exd5
9. cxd5 f5 10. O-O Na6 11. Re1 fxe4 12. Nxe4 Nf5 13. Nfg5 Nc7 14. Bc4 b5 15.
Bf1 Nd4 16. a4 h6 17. Ne6 Ncxe6 18. dxe6 Bxe6 19. axb5 Bd5 20. Ng3 Kh8 21. Be3
Qf6 22. Bxd4 Qxd4 23. Nh1 Rf7 24. Ra6 Rd8 25. Qc2 Qf6 26. Rd1 Ba8 27. b3 Rfd7
28. Bd3 Qg5 29. Be4 Bxe4 30. Qxe4 Bd4 31. b4 Re7 32. Qd3 Rde8 33. Rf1 Re1 34.
Ng3 Qf4 35. Ra2 R8e6 36. b6 axb6 37. bxc5 bxc5 38. Ra8+ Kg7 39. Ra7+ Re7 40.
Ra2 h5 41. Ne2 Rxf1+ 0-1

[Event "Moscow-Open 2021_A"]
[Site "Moscow"]
[Date "2021.02.23"]
[Round "4.31"]
[White "Talibov, Shiroghlan"]
[Black "Yarikov, Artem"]
[Result "1-0"]
[WhiteElo "2128"]
[BlackElo "1778"]
[PlyCount "148"]
[EventDate "2021.02.20"]

1. e4 c5 2. Nf3 Nc6 3. d4 cxd4 4. Nxd4 Nf6 5. Nc3 e5 6. Ndb5 d6 7. Bg5 a6 8.
Na3 b5 9. Nd5 Be7 10. Bxf6 Bxf6 11. c3 O-O 12. Nc2 Bg5 13. Be2 Kh8 14. O-O f5
15. exf5 Bxf5 16. Nce3 Bxe3 17. Nxe3 Be6 18. a4 b4 19. Bf3 Rc8 20. Qd3 bxc3 21.
bxc3 Qc7 22. Be4 h6 23. Qxa6 Na5 24. Rad1 Rfd8 25. Nd5 Bxd5 26. Rxd5 Nb3 27.
Bc2 Qxc3 28. Bxb3 Qxb3 29. Rxd6 Re8 30. a5 Ra8 31. Qb6 Qa2 32. a6 Reb8 33. Qc6
Rc8 34. Qb5 Qa3 35. Rb6 e4 36. Re6 Qa2 37. Qd7 Rd8 38. Qe7 Rg8 39. Qd6 Rgd8 40.
Qc6 Rdc8 41. Qd7 Rd8 42. Qf7 Rxa6 43. Re8+ Rxe8 44. Qxe8+ Qg8 45. Qxe4 Re6 46.
Qd4 Qe8 47. g3 Re7 48. Rd1 Re1+ 49. Rxe1 Qxe1+ 50. Kg2 Qe8 51. g4 Qc6+ 52. Kg3
Qc7+ 53. Qf4 Qc3+ 54. Kg2 Qc6+ 55. f3 Qc2+ 56. Kg3 Qc8 57. Qe4 Qb8+ 58. f4 Qb3+
59. Kh4 Qb8 60. Qe5 Qa8 61. Kh5 Qc8 62. h3 Qd7 63. Kg6 Qc6+ 64. Kf7 Qc4+ 65.
Ke7 Qb4+ 66. Qd6 Qe4+ 67. Kf7 Qc4+ 68. Ke7 Qe4+ 69. Kf8 Qa8+ 70. Kf7 Qb7+ 71.
Qe7 Qd5+ 72. Kg6 Qb3 73. f5 Qb8 74. f6 Qb1+ 1-0

[Event "Moscow-Open 2021_A"]
[Site "Moscow"]
[Date "2021.02.23"]
[Round "4.32"]
[White "Safin, Shiroghlan"]
[Black "Rogov, Artem"]
[Result "1-0"]
[WhiteElo "2128"]
[BlackElo "1778"]
[PlyCount "93"]
[EventDate "2021.02.20"]

1. b3 e5 2. Bb2 Nc6 3. e3 d5 4. Bb5 Bd6 5. Ne2 Nge7 6. f4 exf4 7. Nxf4 Bxf4 8.
exf4 O-O 9. O-O f6 10. Nc3 Nd4 11. Bd3 Bf5 12. Bxf5 Nexf5 13. Ne2 c5 14. Nxd4
Nxd4 15. Bxd4 cxd4 16. Re1 Rc8 17. d3 Qd6 18. Qd2 Rc7 19. Qf2 Rfc8 20. Re2 b6
21. Rae1 Qb4 22. Qg3 a5 23. Qg4 Qd6 24. Re6 Qd7 25. f5 b5 26. Qh5 Rf8 27. R1e2
a4 28. h3 axb3 29. axb3 Ra7 30. Qg4 Rfa8 31. Kf2 Kf8 32. Qxd4 Ra1 33. c4 bxc4
34. dxc4 Qa7 35. c5 Qb7 36. Qf4 Rd8 37. Rd6 Raa8 38. b4 Qb5 39. Re3 Rdb8 40.
Rxf6+ Kg8 41. Rfe6 Rf8 42. Re7 d4 43. Rg3 Rf7 44. Rxf7 Kxf7 45. Qxd4 Ra2+ 46.
Kg1 Qc6 47. Qc4+ 1-0

[Event "Moscow-Open 2021_A"]
[Site "Moscow"]
[Date "2021.02.23"]
[Round "4.33"]
[White "Rudakov, Sergey S"]
[Black "Babakekhyan, Artem"]
[Result "0-1"]
[WhiteElo "1926"]
[BlackElo "2181"]
[PlyCount "223"]
[EventDate "2021.02.20"]

1. e4 c5 2. Nf3 d6 3. d4 cxd4 4. Nxd4 Nf6 5. f3 e5 6. Nb3 d5 7. Bg5 Be6 8. exd5
Qxd5 9. Qxd5 Nxd5 10. Bb5+ Nd7 11. O-O f6 12. Bd2 O-O-O 13. Nc3 Nb4 14. Ne4 a6
15. Bxb4 Bxb4 16. Bxd7+ Bxd7 17. Rfd1 Kc7 18. Nbc5 Bc8 19. a3 Ba5 20. Kf1 Kc6
21. Nd3 Be6 22. b3 Bb6 23. Nb4+ Kc7 24. c4 Bd4 25. Rab1 h6 26. Nc2 Bb6 27. Ke2
Rde8 28. Nc3 Bc5 29. Nd5+ Kc8 30. b4 Ba7 31. c5 e4 32. Nce3 exf3+ 33. Kxf3 h5
34. Kf2 Bxd5 35. Nxd5 Re5 36. Rd3 Rhe8 37. Rbd1 Re2+ 38. Kf1 Ra2 39. Nf4 Bb8
40. Nd5 Bxh2 41. Rh3 Bc7 42. Rxh5 Rxa3 43. Rh7 Rg3 44. Ne7+ Rxe7 45. Rh8+ Bd8
46. Rdxd8+ Kc7 47. Rc8+ Kd7 48. Rhd8+ Ke6 49. c6 Rg4 50. cxb7 Rxb7 51. Rc6+ Ke7
52. Rd2 Rgxb4 53. Rxa6 Kf7 54. Ra3 Rf4+ 55. Kg1 Rb1+ 56. Kh2 g5 57. g3 Rff1 58.
Raa2 Kg6 59. Rac2 g4 60. Kg2 Rh1 61. Rd4 Kg5 62. Rd5+ f5 63. Rcc5 Rhg1+ 64. Kh2
Rgf1 65. Kg2 Rf3 66. Rb5 Rbf1 67. Rb2 Kf6 68. Rb6+ Ke7 69. Rd2 Ra1 70. Rf2 Raa3
71. Rxf3 Rxf3 72. Ra6 Kf7 73. Rb6 Re3 74. Rc6 Re2+ 75. Kg1 Re6 76. Rc8 Kf6 77.
Rc5 Re2 78. Rb5 Rd2 79. Rb8 Ke5 80. Re8+ Kd4 81. Kf1 Rd3 82. Kf2 Rf3+ 83. Kg2
Re3 84. Rd8+ Ke4 85. Re8+ Kd4 86. Rd8+ Kc4 87. Rd7 Re2+ 88. Kf1 Re5 89. Kf2 Rd5
90. Ra7 Rd2+ 91. Kg1 Kd3 92. Re7 Rd1+ 93. Kf2 Rd2+ 94. Kg1 Re2 95. Rf7 Ke4 96.
Kf1 Ra2 97. Rb7 Rd2 98. Rb4+ Rd4 99. Rb7 Rd2 100. Rb4+ Rd4 101. Rb7 Ke3 102.
Kg2 Rd2+ 103. Kg1 Re2 104. Rb3+ Ke4 105. Rb5 Rd2 106. Kf1 Rd5 107. Rb6 Ke3 108.
Kg2 Rd2+ 109. Kg1 Re2 110. Ra6 Kf3 111. Kf1 Rd2 112. Rb6 0-1

[Event "Moscow-Open 2021_A"]
[Site "Moscow"]
[Date "2021.02.23"]
[Round "4.34"]
[White "Chuklin, Ivan"]
[Black "Kalambetov, Anton"]
[Result "0-1"]
[WhiteElo "2181"]
[BlackElo "1916"]
[PlyCount "152"]
[EventDate "2021.02.20"]

1. e4 g6 2. d4 Bg7 3. Nc3 a6 4. Be3 d6 5. Qd2 b5 6. O-O-O Nd7 7. f3 Bb7 8. g4
c5 9. h4 Qa5 10. Kb1 c4 11. a3 Rb8 12. Na2 Qxd2 13. Rxd2 h5 14. g5 d5 15. Bg2
e6 16. Nc3 Ne7 17. Nh3 Bc6 18. Bf4 Ra8 19. Bd6 Nc8 20. exd5 Bxd5 21. Nxd5 exd5
22. Bc7 O-O 23. f4 Ncb6 24. f5 gxf5 25. Nf4 Rac8 26. Bd6 Rfe8 27. Nxd5 Nxd5 28.
Bxd5 Nf8 29. Bxf8 Kxf8 30. Rf1 c3 31. bxc3 Rxc3 32. Rxf5 Re7 33. Bb3 Rh3 34. g6
Rxh4 35. gxf7 Rxd4 36. Rxd4 Bxd4 37. c3 Re5 38. Rf1 Re2 39. Kc1 Bxc3 40. Rf3
Bd2+ 41. Kc2 Bg5+ 42. Kd3 Rg2 43. Ke4 h4 44. Rc3 Re2+ 45. Kf5 Bd8 46. Bd5 Ke7
47. Rc8 Rf2+ 48. Kg4 Rf6 49. Ra8 Rd6 50. Ba2 Rd4+ 51. Kh3 Rd2 52. Ra7+ Kf8 53.
Be6 Rd6 54. Ba2 Rd3+ 55. Kg4 Rxa3 56. Be6 h3 57. Rd7 Be7 58. Rb7 Rd3 59. Rb8+
Bd8 60. Rc8 h2 61. Rc1 b4 62. Kf4 b3 63. Ke4 b2 64. Rh1 Rd2 65. Ba2 Bc7 66. Kf3
Bd6 67. Ke3 Rc2 68. Rd1 Be7 69. Rh1 Bc5+ 70. Kd3 Rg2 71. Kc3 Kg7 72. Bb1 Bg1
73. Bc2 Kxf7 74. Kxb2 Ke7 75. Kb3 Kd6 76. Bd3 Rg3 0-1

[Event "Moscow-Open 2021_A"]
[Site "Moscow"]
[Date "2021.02.23"]
[Round "4.35"]
[White "Rakitin, Daniil"]
[Black "Medzinovskiy, Petr"]
[Result "1/2-1/2"]
[WhiteElo "1851"]
[BlackElo "2179"]
[PlyCount "82"]
[EventDate "2021.02.20"]

1. d4 d5 2. c4 Nc6 3. e3 e5 4. dxe5 d4 5. a3 dxe3 6. Qxd8+ Kxd8 7. Bxe3 Nxe5 8.
Nf3 Nxf3+ 9. gxf3 Nf6 10. Nc3 Be6 11. O-O-O+ Kc8 12. c5 Be7 13. Rg1 a6 14. c6
g6 15. cxb7+ Kxb7 16. Bg2 Rad8 17. Rxd8 Rxd8 18. Rd1 Nd5 19. f4 c6 20. Bxd5
Bxd5 21. Nxd5 Rxd5 22. Rxd5 cxd5 23. Kc2 Kc6 24. b4 Bf6 25. a4 d4 26. Bd2 Kd5
27. Kd3 Be7 28. f5 g5 29. f3 h6 30. b5 axb5 31. axb5 Bd8 32. h3 Bc7 33. Be1 Bb6
34. Bf2 Ke5 35. Bg1 f6 36. Bf2 Ba7 37. Bg1 h5 38. Bf2 Bb6 39. Bg1 h4 40. Bf2
Bc5 41. Bg1 Bb6 1/2-1/2

[Event "Moscow-Open 2021_A"]
[Site "Moscow"]
[Date "2021.02.23"]
[Round "4.36"]
[White "Finkelstein, Alexander"]
[Black "Sharikov, Alexander"]
[Result "1/2-1/2"]
[WhiteElo "1833"]
[BlackElo "2170"]
[PlyCount "108"]
[EventDate "2021.02.20"]

1. d4 Nf6 2. c4 g6 3. Nc3 Bg7 4. e4 d6 5. Nf3 O-O 6. Be2 Bg4 7. O-O Nfd7 8. Be3
Nc6 9. Qd2 Bxf3 10. Bxf3 e5 11. dxe5 dxe5 12. Bg5 Qc8 13. Nd5 Kh8 14. Bg4 f5
15. exf5 gxf5 16. Bh3 Nd4 17. Bh6 Rf7 18. Bxg7+ Rxg7 19. f4 c5 20. fxe5 Nxe5
21. Qh6 Nxc4 22. Rae1 Qf8 23. Kh1 Rd7 24. Qxf8+ Rxf8 25. b3 Nd2 26. Rf2 N2xb3
27. Ne3 Re7 28. axb3 Rfe8 29. g3 Rxe3 30. Ref1 Rxb3 31. Bxf5 Re2 32. Rxe2 Nxe2
33. Be4 Kg7 34. Bd5 Rb2 35. Rf7+ Kg6 36. Rc7 b5 37. Be4+ Kf6 38. Rxc5 a5 39.
Bxh7 a4 40. Rc6+ Ke5 41. Ra6 Nc3 42. h4 b4 43. h5 a3 44. h6 Nd5 45. Bg8 Nf6 46.
g4 Nxg4 47. h7 Rh2+ 48. Kg1 Rh4 49. Ra4 Nf6 50. Rxb4 a2 51. Bxa2 Rxh7 52. Bb1
Rg7+ 53. Kf2 Nd5 54. Re4+ Kd6 1/2-1/2

[Event "Moscow-Open 2021_A"]
[Site "Moscow"]
[Date "2021.02.23"]
[Round "4.37"]
[White "Amirdzhanyan, Vladimir"]
[Black "Bazyrtsyrenov, Kirill"]
[Result "0-1"]
[WhiteElo "1828"]
[BlackElo "2156"]
[PlyCount "80"]
[EventDate "2021.02.20"]

1. d4 Nf6 2. Nf3 c5 3. d5 b5 4. Bg5 Qb6 5. Bxf6 Qxf6 6. c3 Qb6 7. e4 d6 8. a4
b4 9. a5 Qb7 10. Nbd2 Na6 11. Bd3 g6 12. Qe2 Nc7 13. c4 e5 14. dxe6 Nxe6 15.
Qe3 h5 16. a6 Qb6 17. e5 Bh6 18. Qe4 Rb8 19. exd6 O-O 20. O-O Nf4 21. d7 Bxd7
22. Qe7 Bc6 23. Bc2 Rfe8 24. Qh4 Rbd8 25. Rad1 b3 26. Bb1 Qb4 27. Qf6 Bxf3 28.
Nxf3 Rxd1 29. Rxd1 Qxc4 30. Ne5 Qe6 31. Qxe6 Rxe6 32. Nd7 c4 33. Nc5 Rc6 34. g3
Rxc5 35. gxf4 Bxf4 36. Be4 c3 37. bxc3 b2 38. Rd7 Bc7 39. Rd2 Re5 40. f3 Rxe4
0-1

[Event "Moscow-Open 2021_A"]
[Site "Moscow"]
[Date "2021.02.23"]
[Round "4.38"]
[White "Volodin, Viktor"]
[Black "Gukhman, Sergey"]
[Result "0-1"]
[WhiteElo "2151"]
[BlackElo "1667"]
[PlyCount "44"]
[EventDate "2021.02.20"]

1. Nf3 Nf6 2. c4 e6 3. g3 a6 4. Bg2 b5 5. b3 Bb7 6. O-O Be7 7. d3 O-O 8. e4 d6
9. Bb2 Nbd7 10. Nbd2 c5 11. Ne1 Qc7 12. f4 Rfe8 13. g4 Nb6 14. g5 Nfd7 15. Nef3
Bf8 16. Qe2 bxc4 17. dxc4 d5 18. e5 a5 19. Rfd1 a4 20. Nf1 Nb8 21. Nh4 a3 22.
Bc3 d4 0-1

[Event "Moscow-Open 2021_A"]
[Site "Moscow"]
[Date "2021.02.23"]
[Round "4.39"]
[White "Tyurin, Artem"]
[Black "Shaymardanov, Bakhtiyar"]
[Result "1-0"]
[WhiteElo "2130"]
[BlackElo "1702"]
[PlyCount "115"]
[EventDate "2021.02.20"]

1. c4 c6 2. d4 d5 3. e3 Nf6 4. Nc3 e6 5. Nf3 Nbd7 6. Qc2 Bd6 7. b3 O-O 8. Bb2
e5 9. dxe5 Nxe5 10. O-O-O Qa5 11. cxd5 cxd5 12. Nb5 Nxf3 13. gxf3 Be7 14. Qc7
Qxc7+ 15. Nxc7 Rb8 16. Nxd5 Nxd5 17. Rxd5 Be6 18. Rd1 Rbc8+ 19. Kb1 Bh4 20. Bd4
Rfd8 21. Bd3 Bd5 22. Be2 Bxf2 23. Rhf1 Bh4 24. Bxa7 Be6 25. Rxd8+ Rxd8 26. Rd1
Rxd1+ 27. Bxd1 Bf2 28. f4 Bd5 29. Kc2 g6 30. Kd3 f5 31. Ke2 Bh4 32. a4 Be7 33.
Kd3 Kf7 34. Kc3 h6 35. b4 Bd6 36. Bc5 Bc7 37. Kd4 Ke6 38. Bf8 Bb6+ 39. Kd3 Be4+
40. Kd2 h5 41. a5 Bc7 42. Kc3 h4 43. Kd4 g5 44. Bb3+ Kf6 45. fxg5+ Kxg5 46. h3
Bg2 47. Be7+ Kg6 48. Bxh4 Bxh3 49. Bd5 b6 50. a6 Bb8 51. Bg3 Ba7 52. b5 Bf1 53.
Bc6 Kf7 54. Kd5 Ke7 55. Bh4+ Kf7 56. Kd6 Bb8+ 57. Kd7 Bc4 58. Kc8 1-0